000 00661nam a2200253Ia 4500
003 OSt
005 20220918163808.0
006 a|||||r|||| 00| 0
007 ta
008 220917b |||||||| |||| 00| 0 eng d
020 _a0300033834
024 _a37,573
037 _cTextual
040 _aARTS
_cARTS
_beng
041 _2eng
_aeng
082 _aO13,1C481,1:g, 111M5
100 _aChrne Ross D S
_915437
245 0 _aPindar
260 _aNew Haven
_bYale Univ Press
_c1985
300 _a195p.
_ccm.
650 _aENGLISH LITERATURE
942 _hO13,1C481,1:g, 111M5
_cTEXL
_2CC
999 _c121595
_d121595